Six moral values of Gandhi / (Record no. 15586)

MARC details
000 -LEADER
fixed length control field 00836nam a22002297a 4500
005 - DATE AND TIME OF LATEST TRANSACTION
control field 20080923102150.0
008 - FIXED-LENGTH DATA ELEMENTS--GENERAL INFORMATION
fixed length control field 080923t xxu||||| |||| 00| 0 eng d
010 ## - LCCN (DPL NO)
LC control number ENG-91034
020 ## - INTERNATIONAL STANDARD BOOK NUMBER
Terms of availability 150.00
International Standard Book Number 9788187568155
035 ## - SYSTEM CONTROL NUMBER
System control number EN-74567
037 ## - SOURCE OF ACQUISITION
Source of stock number/acquisition DBAD / PUB
040 ## - CATALOGING SOURCE
Original cataloging agency dpl
Language of cataloging English
082 ## - DEWEY DECIMAL CLASSIFICATION NUMBER
Classification number 301.153
100 ## - MAIN ENTRY--PERSONAL NAME
Personal name Tewari, N.P.
245 ## - TITLE STATEMENT
Title Six moral values of Gandhi /
Statement of responsibility, etc by N.P. Tewari
260 ## - PUBLICATION, DISTRIBUTION, ETC. (IMPRINT)
Place of publication, distribution, etc Allahabad
Name of publisher, distributor, etc K.K. Publications
Date of publication, distribution, etc 2007
270 ## - ADDRESS
Address 618, Katra,
City Allahabad
Postal code 2
300 ## - PHYSICAL DESCRIPTION
Extent 116p.
Dimensions 22 cm (Hb)
600 ## - SUBJECT ADDED ENTRY--PERSONAL NAME
Personal name Gandhi, Mahatma, 1869-1948
General subdivision Political and social views
942 ## - ADDED ENTRY ELEMENTS (KOHA)
Source of classification or shelving scheme Dewey Decimal Classification
Item type English Books
Call number suffix TEW
Classification part 301.153
Holdings
Withdrawn status Lost status Source of classification or shelving scheme Damaged status Not for loan Collection code Home library Current library Date acquired Source of acquisition Cost, normal purchase price Total Checkouts Full call number Barcode Date last seen Copy number Cost, replacement price Koha item type
    Dewey Decimal Classification   Not For Loan Non-fiction D.B.Act.Division D.B.Act.Division 23/09/2008 DBAD / PUB 150.00   301.153 TEW EN-74567 23/09/2008 1 150.00 English Books

© Delhi Public Library
Hit Counter
free hit counter